Ekstraklasa druzyny - Wszystkie - Statystyki

Ogólne statystyki
  • Ten quiz został rozwiązany 234 razy
  • Średni wynik to 38 z 86
Statystyki odpowiedzi
Kluby % Poprawnych
Legia Warszawa
95%
Arka Gdynia
92%
Lech Poznań
92%
Wisła Kraków
92%
Jagiellonia Białystok
91%
Pogoń Szczecin
91%
Cracovia
89%
Górnik Zabrze
89%
ŁKS
89%
Widzew Lódz
89%
Lechia Gdańsk
88%
Ruch Chorzów
88%
Śląsk Wrocław
88%
Zagłębie Lubin
87%
GKS Katowice
85%
Polonia Warszawa
84%
Warta Poznań
82%
Korona Kielce
80%
Motor Lublin
80%
Raków Częstochowa
80%
Wisła Płock
80%
Piast Gliwice
78%
Stal Mielec
76%
Zagłębie Sosnowiec
76%
Radomiak Radom
75%
Zawisza Bydgoszcz
75%
Polonia Bytom
74%
Puszcza Niepołomice
73%
Stal Rzeszów
73%
GKS Tychy
68%
Miedz Legnica
67%
Odra Opole
66%
Górnik Łęczna
65%
Podbeskidzie Bielsko Biała
64%
Amica Wronki
63%
Stomil Olsztyn
61%
Bruk Bet Termalica
60%
Sandecja
55%
GKS Bełchatów
54%
Hutnik Kraków
52%
Pogoń Lwów
52%
Garbarnia Kraków
49%
Szombierki Bytom
40%
Dyskobolia Grodzisk Wielkopolski
39%
Odra Wodzisław Śląski
36%
Stal Stalowa Wola
35%
KSZO Ostrowiec Świętokrzyski
34%
Górnik Wałbrzych
31%
Górnik Polkowice
27%
Gwardia Warszawa
25%
ROW Rybnik
25%
Ruch Radzionków
24%
Siarka Tarnobrzeg
24%
RKS Radomsko
22%
Szczakowianka Jaworzno
19%
Bałtyk Gdynia
18%
Czarni Lwów
15%
Olimpia Poznań
15%
Sokół Pniewy
13%
Świt Nowy Dwór Mazowiecki
12%
GKS Jastrzębie Zdrój
11%
Tarnovia Tarnów
10%
Wawel Kraków
8%
Zagłębie Wałbrzych
8%
Jutrzenka Kraków
7%
Polonia Bydgoszcz
7%
1.FC Katowice
6%
Śmigły Wilno
6%
Warszawianka
6%
AKS Chorzów
5%
Śląsk Świętochłowice
5%
Górnik Radlin
4%
Hasmonea Lwów
4%
Lechia Lwów
4%
Unia Racibórz
4%
Union Touring Łódz
4%
Arkonia Szczecin
3%
Klub Turystów Lódz
3%
Olimpia Gdańsk
3%
Podgórze Kraków
3%
Dąb Katowice
2%
ŁTSG Łódz
2%
Rymer Niedobczyce
2%
Strzelec Siedlce
2%
TKS Toruń
2%
Igloopol Dębnica
1%
Nie znaleziono quizów pasujących do podanych kryteriów
Rozkład punktacji
Procent ludzi z każdym wynikiem
Percentyl według liczby udzielonych odpowiedzi
Twoja historia wyników
Nie rozwiązałeś tego quizu